000 00419nam a22001697a 4500
005 20160625122208.0
008 160625b xxu||||| |||| 00| 0 eng d
020 _a0-7619-9469-6
041 _aeng
082 _b10195
100 _aFrench, David and Richards Michael
_92775
245 _aTelevision in Confemparary Aria
260 _bSage
_c2000
300 _a440
650 _aMass Communication
_92660
942 _cBK
999 _c4011
_d4010